000 00704cam a22001931 4500
082 _a940.4
_bMIL
_cD
100 1 _aEdmonds, J. E.
245 0 0 _aMilitary operations, France and Belgium, 1914 ...
250 _a[2d ed.]
260 _aLondon,
_bMacmillan,
_c1925-
300 _a v.
_bmaps (part col.)
_c23 cm.
500 _a"Addenda and corrigenda to volume I" (4 p.) inserted.
500 _a"Addenda and corrigenda to volume I, additional to those issued with vol. II" (8 1.) inserted
500 _aOn cover: Official history of the war.
526 _a0
_b0
_c0
_d940_400000000000000_MIL
650 0 _aMCE
_9379
650 0 _aWorld War, 1914-1918
_xCampaigns
_zWestern Front.
_949302
942 _2ddc
_cBK
999 _c552530
_d552530